Comentarios a la legislacin̤ registral

Detalles Bibliográficos
Autor principal: Soria Alarcn̤, Manuel
Formato: eBook
Lenguaje:español
Publicado: Lima : Palestra Editores, 2001
Materias:
Acceso en línea:Acceso restringido

MARC

LEADER 00000nam a22000007a 4500
005 20120423134027.0
007 cr|||| ||||
008 120423s2001 pe |||||s|||| 00||0 spa d
020 |a 9972-733- 20-3 
035 |a 6433 
040 |a vLex 
090 |c 3139  |d 3139 
100 1 |a Soria Alarcn̤, Manuel 
245 1 0 |a Comentarios a la legislacin̤ registral  |h [Recurso electrn̤ico] /  |c Manuel Soria Alarcn̤ 
256 |a Servicio en ln̕ea 
260 |a Lima :  |b Palestra Editores,  |c 2001 
300 |a 1 recurso electrn̤ico 
506 1 |a Contenido solo disponible en los productos indicados  |d vLex Global   |d vLex Global (Academic Edition, excluding Law Schools)   |d vLex Global (U.S. Academic Edition, Law Schools)   |d vLex Global (U.S. Academic Edition, excluding Law Schools)   |d vLex Global (Academic Edition, Law Schools)  
650 0 4 |a Legislacin̤ registral  |z Per︢ 
650 0 4 |a Documentos Administrativos  |z Per︢ 
740 0 |a vLex Libros (Servicio en ln̕ea) 
856 4 0 |u http://vlex.com/source/comentarios-legislacion-registral-6433  |z Acceso restringido 
942 |c BOOK 
999 0 |a Administrative agencies--Records and correspondance